| 000 | 01090nam a22003017a 4500 | ||
|---|---|---|---|
| 001 | 4980 | ||
| 003 | FISKH | ||
| 005 | 20250527113535.0 | ||
| 008 | 241030b cb ||||| |||| 00| 0 eng d | ||
| 020 | _a9780448456188 | ||
| 040 |
_aFISKH _beng _cFISKH _dFISKH |
||
| 050 | _aPZ7.H689 | ||
| 082 | _a443 | ||
| 100 |
_aHolabird, katherine _d(1948-) |
||
| 245 |
_aAngelina take a bow / _cinspired by the classic children's book series by author Katherine Holabird and illustrator Helen Craig |
||
| 250 | _a2012 | ||
| 260 |
_aNew York : _bPenguin Young, _c2012. |
||
| 300 |
_a32 pages : _bcolor illustrations ; _c23 cm |
||
| 505 | _aG | ||
| 520 | _a"Angelina is excited to have the lead in her school's ballet! But she's sad that she spends most of the ballet sleeping instead of dancing. Can Ms. Mimi convince Angelina that her role is important?"--P.[4] of cover. | ||
| 521 | 8 |
_a380
_bLexile |
|
| 521 | 8 |
_aG
_bRaz-Plus |
|
| 650 |
_2Fiction _aFriends |
||
| 650 |
_2Interstate _aBeginning reader |
||
| 700 |
_aCraig, Helen _dIllustrator |
||
| 942 |
_2ddc _cBK _n0 |
||
| 999 |
_c4980 _d4980 |
||